000 00885nas a2200289 4500
001 BR0001437
003 BR-BrBNA
005 20231205101750.0
007 ta
008 230509b bl.|||p| |||| 00| 00por d
040 _aBR-BrBNA
_bpor
_cBiblioteca Nacional de Agricultura
041 _a(Pt)
072 _aC30; F01
100 1 _aTachibana, A.
100 1 _aMilan, M.
100 1 _aMourao Filho, F. de A.A.
245 1 _aModelo para avaliar um sitema mecanizado para a cultura do limao Siciliano (Citrus limon, Burm.)
650 _aLimao
650 _aMecanizacao Agricola
650 _aPulverizacao
650 _aBase de Dados
650 _aModelo Matematico
650 _aSistema de Informacao
773 0 _tEngenharia Agricola (Brazil)
_xISSN 0100-6916
_g(Mar 1999), v. 18(3) p. 34-43
_wBR0001437
909 _a202311
_bLúcia
_c55
_dLúcia Elande
942 _2AGRIS
_n0
_cANA
999 _c163750
_d163750